Las Relaciones entre el gobierno central y empresas públicas: planteamiento del problema

Αποθηκεύτηκε σε:
Λεπτομέρειες βιβλιογραφικής εγγραφής
Κύριος συγγραφέας: Boneo, Horacio
Μορφή: Κείμενο
Έκδοση: San José: ICAP
Ετικέτες: Προσθήκη ετικέτας
Δεν υπάρχουν, Καταχωρήστε ετικέτα πρώτοι!

MARC

LEADER 00000 a a2200000 04500
001 17422
003
040
090 |a 020100  
100 |a Boneo, Horacio  
245 |a Las Relaciones entre el gobierno central y empresas públicas: planteamiento del problema  
260 |a San José:   |b ICAP  
300 |a 70 p.  
999 |c 5703  |d 5703